Deep-tech startup ecosystem (Record no. 520127)

000 -LEADER
fixed length control field 00729nam a22001457a 4500
008 - FIXED-LENGTH DATA ELEMENTS--GENERAL INFORMATION
fixed length control field 220702b ||||| |||| 00| 0 eng d
100 ## - MAIN ENTRY--PERSONAL NAME
Personal name Rao, R. Raghuttama
245 ## - TITLE STATEMENT
Title Deep-tech startup ecosystem
260 ## - PUBLICATION, DISTRIBUTION, ETC. (IMPRINT)
Place of publication, distribution, etc Yojana
300 ## - PHYSICAL DESCRIPTION
Extent 66(6), Jun, 2022: p.17-19
520 ## - SUMMARY, ETC.
Summary, etc Deep-tech startups arise from research-based, disruptive innovations from STEM lobs of academic/research institutions and solve hard problems and challenges. India lacks deep-tech startups. Deep-tech startups constitute less than one per cent of the number of startups, far below what a fast-growing, complex, and large economy like India should have.- Reproduced
773 ## - HOST ITEM ENTRY
Main entry heading Yojana
906 ## - LOCAL DATA ELEMENT F, LDF (RLIN)
Subject DIP NEW BUSINESS ENTERPRISES
942 ## - ADDED ENTRY ELEMENTS (KOHA)
Item type Articles
Holdings
Withdrawn status Lost status Source of classification or shelving scheme Damaged status Not for loan Permanent location Current location Date acquired Serial Enumeration / chronology Barcode Date last seen Koha item type
          Indian Institute of Public Administration Indian Institute of Public Administration 2022-07-02 66(6), Jun, 2022: p.17-19 AR126791 2022-07-02 Articles

Powered by Koha